[Event "SV Günnigfeld 1 - SV Bottrop 1"]
[Site "Verbandsliga - Gruppe 2 2021/"]
[Date "2022.01.16"]
[Round "4.5"]
[White "Ruhmann, Gabriel"]
[Black "Funke, Eckhard"]
[Result "0-1"]
[WhiteElo "1674"]
[BlackElo "1891"]
[PlyCount "86"]
[EventDate "2022.??.??"]
[WhiteTeam "SV Bottrop 1"]
[BlackTeam "SV Günnigfeld 1"]

1. Nf3 d5 2. c4 e6 3. b3 Nf6 4. g3 Be7 5. Bg2 O-O 6. O-O Nbd7 7. Bb2 Re8 8. e3
Nf8 9. Nc3 c6 10. Qc2 a6 11. Rac1 b5 12. d3 Bb7 13. Ne2 Ng6 14. cxd5 cxd5 15.
Qc7 Rb8 16. Ne5 Qxc7 17. Rxc7 Bd6 18. Nxg6 Bxc7 19. Ne5 Rbc8 20. d4 Bxe5 21.
dxe5 Rc2 22. Rb1 Ne4 23. Bxe4 dxe4 24. Nd4 Rc7 25. Ba3 Rec8 26. Kf1 Bd5 27. Ke1
f6 28. Kd2 fxe5 29. Bd6 exd4 30. Bxc7 dxe3+ 31. fxe3 Rxc7 32. Rd1 Kf7 33. Rf1+
Ke7 34. h4 Rc8 35. Rg1 Rf8 36. Ke2 Rc8 37. Kd2 a5 38. Rb1 b4 39. Rb2 Rc3 40.
Rb1 Rd3+ 41. Ke2 Bb7 42. Rf1 Ba6 43. Rc1 Rxb3+ 0-1

[Event "SV Günnigfeld 1 - SV Bottrop 1"]
[Site "Verbandsliga - Gruppe 2 2021/"]
[Date "2022.01.16"]
[Round "4.6"]
[White "Bender, Markus"]
[Black "Gruber, Herbert"]
[Result "0-1"]
[WhiteElo "1820"]
[BlackElo "1754"]
[PlyCount "132"]
[EventDate "2022.??.??"]
[WhiteTeam "SV Günnigfeld 1"]
[BlackTeam "SV Bottrop 1"]

1. d4 d5 2. Bf4 e6 3. e3 Nf6 4. Bd3 c5 5. c3 Nc6 6. Nd2 h6 7. Ngf3 Bd6 8. Bg3
Bxg3 9. hxg3 b6 10. Ne5 Bd7 11. g4 Nxe5 12. dxe5 Ng8 13. f4 Qc7 14. a4 Ne7 15.
Qe2 Nc6 16. Kf2 a5 17. Qf3 O-O-O 18. Rab1 f6 19. exf6 gxf6 20. e4 Qd6 21. Rbd1
f5 22. gxf5 Rdf8 23. e5 Qc7 24. Rde1 Nd8 25. f6 Bxa4 26. Rh4 Bc6 27. Qe2 c4 28.
Bc2 a4 29. Nf3 b5 30. Nd4 Bd7 31. Reh1 b4 32. cxb4 Qb6 33. Qe3 Qxb4 34. Qc3 Qb6
35. Ke2 Rfg8 36. g4 Nc6 37. Nxc6 Bxc6 38. g5 d4 39. Qxc4 Kb7 40. f7 Bb5 41.
Be4+ Ka7 42. Rxh6 Bxc4+ 43. Kf3 Rxh6 44. fxg8=Q Qb3+ 45. Kg2 Qxb2+ 46. Kg3 Qc3+
47. Bf3 Rxh1 48. Qa8+ Kb6 49. Kg4 Rg1+ 50. Kh5 Rg3 51. Qc6+ Ka5 52. Qc7+ Kb4
53. Qb6+ Ka3 54. Bg4 d3 55. Qc5+ Kb2 56. Qf2+ d2 57. g6 Kc1 58. g7 Rxg4 59.
Kxg4 d1=Q+ 60. Kg5 Qd8+ 61. Kg6 Bd3+ 62. Kh6 Bf5 63. Qg1+ Kb2 64. Qg2+ Ka3 65.
g8=Q Qxg8 66. Qxg8 Qh3+ 0-1

[Event "SV Günnigfeld 1 - SV Bottrop 1"]
[Site "Verbandsliga - Gruppe 2 2021/"]
[Date "2022.01.16"]
[Round "4.7"]
[White "Kuesgen, Dirk"]
[Black "Bauer, Matthias"]
[Result "1/2-1/2"]
[WhiteElo "1699"]
[BlackElo "1738"]
[PlyCount "66"]
[EventDate "2022.??.??"]
[WhiteTeam "SV Bottrop 1"]
[BlackTeam "SV Günnigfeld 1"]

1. e4 d5 2. exd5 Qxd5 3. Nf3 Nf6 4. d4 Bg4 5. Be2 e6 6. O-O c6 7. c4 Qa5 8. h3
Bh5 9. Bf4 Be7 10. Qb3 Qb6 11. Qe3 O-O 12. Nc3 Nbd7 13. b3 Rfe8 14. Rfd1 Nf8
15. a3 a5 16. Na4 Qd8 17. Ne5 Ng6 18. Bh2 Bxe2 19. Qxe2 Bd6 20. Nxg6 hxg6 21.
Bxd6 Qxd6 22. Nc5 Qc7 23. Ne4 Nxe4 24. Qxe4 Rad8 25. Qe5 Qb6 26. Rab1 Rd7 27.
b4 axb4 28. axb4 Red8 29. Qa5 Qxa5 30. bxa5 Ra8 31. Ra1 Rad8 32. Rab1 Ra8 33.
Ra1 Rad8 1/2-1/2

[Event "SV Günnigfeld 1 - SV Bottrop 1"]
[Site "Verbandsliga - Gruppe 2 2021/"]
[Date "2022.01.16"]
[Round "4.8"]
[White "Schulz, Eberhard"]
[Black "Nowacki, Marcus"]
[Result "0-1"]
[WhiteElo "1541"]
[BlackElo "1806"]
[PlyCount "34"]
[EventDate "2022.??.??"]
[WhiteTeam "SV Günnigfeld 1"]
[BlackTeam "SV Bottrop 1"]

1. e4 Nf6 2. e5 Nd5 3. c4 Nb6 4. Nc3 c5 5. Nf3 Nc6 6. d4 cxd4 7. Nxd4 Nxe5 8.
c5 Nbc4 9. b3 Na5 10. b4 Nac6 11. a3 a6 12. Nd5 e6 13. Nb6 Rb8 14. Bf4 Qf6 15.
Nxc6 bxc6 16. Qd4 Nf3+ 17. gxf3 Qxd4 0-1

[Event "Hammer SC 1 - SC Listiger Bauer Essen 1"]
[Site "Verbandsliga - Gruppe 2 2021/"]
[Date "2022.01.16"]
[Round "4.3"]
[White "Mandl, Stefan"]
[Black "Schlaap, Ralf"]
[Result "0-1"]
[WhiteElo "1953"]
[BlackElo "2062"]
[PlyCount "70"]
[EventDate "2022.??.??"]
[WhiteTeam "SC Listiger Bauer Essen 1"]
[BlackTeam "Hammer SC 1"]

1. e4 c6 2. d4 d5 3. f3 e6 4. Nc3 Nf6 5. Bg5 Be7 6. Qd2 b5 7. e5 Nfd7 8. Bxe7
Qxe7 9. f4 a6 10. Nf3 c5 11. Ne2 Nc6 12. dxc5 Nxc5 13. Ned4 Nxd4 14. Qxd4 Bd7
15. Bd3 O-O 16. O-O Rac8 17. c3 Nxd3 18. Qxd3 b4 19. Rfc1 Rc4 20. cxb4 Rxb4 21.
Qxa6 Rxb2 22. Rc7 Rd8 23. Qa7 Rbb8 24. a4 Ra8 25. Qb6 Rdb8 26. Rb7 Rxb7 27.
Qxb7 Qc5+ 28. Kh1 Bc6 29. Qc7 h6 30. h3 d4 31. Kh2 Qc3 32. Ra3 Qxa3 33. Qxc6
Qxa4 34. Qd6 d3 35. Kg3 Qe4 0-1

[Event "Hammer SC 1 - SC Listiger Bauer Essen 1"]
[Site "Verbandsliga - Gruppe 2 2021/"]
[Date "2022.01.16"]
[Round "4.4"]
[White "Hufelschulte, Norbert"]
[Black "Ball, Joerg"]
[Result "1/2-1/2"]
[WhiteElo "2017"]
[BlackElo "1932"]
[PlyCount "40"]
[EventDate "2022.??.??"]
[WhiteTeam "Hammer SC 1"]
[BlackTeam "SC Listiger Bauer Essen 1"]

1. d4 f5 2. g3 Nf6 3. Bg2 g6 4. c3 Bg7 5. Qb3 d5 6. Nd2 e6 7. Ngf3 O-O 8. Ne5
Nbd7 9. Ndf3 Nxe5 10. Nxe5 Nd7 11. Nxd7 Qxd7 12. O-O c6 13. Bf4 Qe7 14. h4 h6
15. c4 g5 16. hxg5 hxg5 17. Bd2 Qf6 18. e3 g4 19. Bb4 Rd8 20. Qa3 Bf8 1/2-1/2

[Event "Hammer SC 1 - SC Listiger Bauer Essen 1"]
[Site "Verbandsliga - Gruppe 2 2021/"]
[Date "2022.01.16"]
[Round "4.5"]
[White "Brandhorst, Dieter"]
[Black "Woertler, Lars-Erik"]
[Result "1/2-1/2"]
[WhiteElo "1902"]
[BlackElo "1939"]
[PlyCount "72"]
[EventDate "2022.??.??"]
[WhiteTeam "SC Listiger Bauer Essen 1"]
[BlackTeam "Hammer SC 1"]

1. e4 c5 2. d4 cxd4 3. c3 dxc3 4. Nxc3 Nc6 5. Nf3 g6 6. Bc4 Bg7 7. O-O Nf6 8.
e5 Ng4 9. Bxf7+ Kxf7 10. Ng5+ Ke8 11. Qxg4 Nxe5 12. Qe4 d6 13. Rd1 h6 14. Nf3
Nxf3+ 15. Qxf3 Rb8 16. Be3 b6 17. Rac1 Bb7 18. Qg4 Kf7 19. Nb5 h5 20. Qc4+ d5
21. Qf4+ Kg8 22. Bd4 Bxd4 23. Qxd4 a6 24. Nc7 Qd6 25. Nxd5 Qxd5 26. Qxd5+ Bxd5
27. Rxd5 Kf7 28. Kf1 Rhc8 29. Rdd1 Kf6 30. Ke2 b5 31. Ke3 g5 32. f4 gxf4+ 33.
Kxf4 Rxc1 34. Rxc1 Rb6 35. Rc5 Kg6 36. Ke5 Rd6 1/2-1/2

[Event "Hammer SC 1 - SC Listiger Bauer Essen 1"]
[Site "Verbandsliga - Gruppe 2 2021/"]
[Date "2022.01.16"]
[Round "4.6"]
[White "Brieger, Sebastian"]
[Black "Petri, Norbert"]
[Result "1-0"]
[WhiteElo "1785"]
[BlackElo "1864"]
[PlyCount "31"]
[EventDate "2022.??.??"]
[WhiteTeam "Hammer SC 1"]
[BlackTeam "SC Listiger Bauer Essen 1"]

1. e4 d6 2. d4 Nf6 3. Nc3 g6 4. Be3 Bg7 5. Qd2 h5 6. Nf3 c6 7. Bd3 b5 8. a3 a6
9. O-O Bg4 10. Ng5 e5 11. h3 Bc8 12. f4 Nbd7 13. dxe5 dxe5 14. f5 O-O 15. fxg6
fxg6 16. Ne6 1-0

[Event "Hammer SC 1 - SC Listiger Bauer Essen 1"]
[Site "Verbandsliga - Gruppe 2 2021/"]
[Date "2022.01.16"]
[Round "4.7"]
[White "Reich, Andreas"]
[Black "Fluegel, Thomas"]
[Result "1-0"]
[WhiteElo "1766"]
[BlackElo "1798"]
[PlyCount "39"]
[EventDate "2022.??.??"]
[WhiteTeam "SC Listiger Bauer Essen 1"]
[BlackTeam "Hammer SC 1"]

1. c4 Nf6 2. Nc3 g6 3. g3 Bg7 4. Bg2 d6 5. Nf3 O-O 6. O-O c6 7. d3 e5 8. e4 h6
9. h3 Be6 10. Be3 Qd7 11. Kh2 Nh5 12. Ng1 f5 13. exf5 Bf7 14. fxg6 Bxg6 15. Be4
Qf7 16. Qd2 Kh7 17. Qe2 Nd7 18. Qxh5 Bxe4 19. Qxf7 Rxf7 20. dxe4 1-0

[Event "SG Werl-Wickede 1 - SV Horst Emscher 2"]
[Site "?"]
[Date "2022.03.05"]
[Round "4"]
[White "Beulertz, Stefan"]
[Black "Becker, Marco"]
[Result "1/2-1/2"]
[WhiteElo "1971"]
[BlackElo "1925"]
[PlyCount "126"]
[EventDate "2019.??.??"]

1. e4 c6 2. Nc3 d5 3. Nf3 dxe4 4. Nxe4 Nf6 5. Qe2 Nxe4 6. Qxe4 Nd7 7. Bc4 Nf6
8. Qe2 e6 9. O-O Bd6 10. d4 O-O 11. Bg5 h6 12. Bh4 Be7 13. c3 Nd5 14. Bg3 Bd6
15. Bd3 Bxg3 16. fxg3 b6 17. Ne5 Qc7 18. Rae1 Ne7 19. Qh5 f5 20. g4 c5 21. g5
hxg5 22. Qxg5 cxd4 23. cxd4 Qd8 24. Qh4 Bb7 25. Bc4 Rf6 26. Nf3 Bd5 27. b3 Rc8
28. Rc1 Ng6 29. Qf2 Bxf3 30. Qxf3 Qxd4+ 31. Kh1 Re8 32. Qc6 Qd8 33. Bb5 Ref8
34. Rfd1 Qa8 35. Qc7 Qb8 36. Rd7 Qxc7 37. Rcxc7 R6f7 38. Rxa7 Ne5 39. Rxf7 Rxf7
40. Ra8+ Kh7 41. Re8 Rc7 42. h3 Rc5 43. a4 Rc1+ 44. Kh2 Re1 45. Rb8 f4 46. Rxb6
g5 47. Be8 g4 48. hxg4 Nxg4+ 49. Kh3 Nf6 50. g4 Nxe8 51. g5 Kg6 52. Kg4 Re4 53.
a5 Nc7 54. Rc6 Nd5 55. a6 Re1 56. a7 Rg1+ 57. Kf3 Ra1 58. Rxe6+ Kf5 59. Rd6 Ke5
60. Rd7 Ra3 61. Rb7 Kf5 62. Rb5 Ke6 63. Rb7 Kf5 1/2-1/2

[Event "SG Werl-Wickede 1 - SV Horst Emscher 2"]
[Site "?"]
[Date "2022.03.05"]
[Round "4"]
[White "Hiebsch, Catalina"]
[Black "Krahn, Reinhard"]
[Result "0-1"]
[WhiteElo "1811"]
[BlackElo "1761"]
[PlyCount "92"]
[EventDate "2019.??.??"]

1. e4 Nc6 2. Nc3 e5 3. Bc4 Nf6 4. Nf3 Be7 5. d3 O-O 6. h3 d6 7. a3 a6 8. O-O b5
9. Ba2 Nd4 10. Nxd4 exd4 11. Ne2 c5 12. f4 Be6 13. Bb1 g6 14. c3 dxc3 15. bxc3
Qd7 16. Qe1 d5 17. e5 Ne8 18. d4 Bf5 19. g4 Bxb1 20. Rxb1 cxd4 21. cxd4 f5 22.
Qg3 Ng7 23. Rb3 Rac8 24. Be3 Rc4 25. Qg2 Ne6 26. Rd1 Nc7 27. g5 Qc6 28. Rc1 Rc8
29. Rxc4 bxc4 30. Rc3 Nb5 31. Rc2 Bxa3 32. Bd2 Be7 33. Ba5 Bd8 34. Bb4 Bb6 35.
Ra2 a5 36. Bc5 Bxc5 37. dxc5 Qxc5+ 38. Kf1 Nc7 39. Nc3 Rb8 40. Qd2 Rb4 41. Na4
Qa7 42. Nc3 d4 43. Ne2 Rb1+ 44. Kg2 Ne6 45. Rxa5 Qb7+ 46. Kf2 d3 0-1

[Event "SG Werl-Wickede 1 - SV Horst Emscher 2"]
[Site "?"]
[Date "2022.03.05"]
[Round "4"]
[White "Schreiner, Paulo"]
[Black "Hügel, Guido"]
[Result "1/2-1/2"]
[WhiteElo "1768"]
[BlackElo "1768"]
[PlyCount "44"]
[EventDate "2019.??.??"]

1. d4 Nf6 2. c4 e6 3. Nc3 d5 4. cxd5 exd5 5. Bg5 Be7 6. Qc2 c6 7. e3 h6 8. Bh4
Be6 9. Bd3 Nbd7 10. Nge2 Nb6 11. O-O O-O 12. f3 Rc8 13. b3 c5 14. Qd2 Re8 15.
dxc5 Bxc5 16. Nb5 Bd7 17. Nbd4 Qe7 18. Bf2 Bb4 19. Qb2 Ba3 20. Qd2 Bb4 21. Qb2
Ba3 22. Qb1 Bb4 1/2-1/2

[Event "SG Werl-Wickede 1 - SV Horst Emscher 2"]
[Site "?"]
[Date "2022.03.05"]
[Round "4"]
[White "Brunberg, Ingo"]
[Black "Tobczewski, Peter"]
[Result "0-1"]
[WhiteElo "1801"]
[BlackElo "1874"]
[PlyCount "94"]
[EventDate "2019.??.??"]

1. e4 c5 2. Nc3 Nc6 3. g3 g6 4. Bg2 Bg7 5. d3 e6 6. Be3 d6 7. Nge2 Nge7 8. Qd2
a6 9. O-O O-O 10. Bh6 Nd4 11. Bxg7 Kxg7 12. Nd1 Nec6 13. c3 Nxe2+ 14. Qxe2 Bd7
15. Ne3 Rc8 16. f4 Ne7 17. g4 f6 18. f5 e5 19. fxg6 Nxg6 20. Rf2 Be6 21. Bf1
Qd7 22. Qd1 Nf4 23. Kh1 Rh8 24. Be2 d5 25. Nf5+ Bxf5 26. gxf5 dxe4 27. dxe4
Qxd1+ 28. Bxd1 Rcd8 29. Bc2 Kf8 30. Rd1 Rxd1+ 31. Bxd1 Rg8 32. Rd2 Ke7 33. Ba4
b5 34. Bc2 Rg7 35. a4 Rg4 36. Bd1 Rg8 37. Bb3 Rc8 38. Kg1 Rc6 39. a5 Rd6 40.
Rxd6 Kxd6 41. Bc2 c4 42. Kf2 Kc5 43. b4+ cxb3 44. Bxb3 b4 45. c4 Kd4 46. Kf3
Nd3 47. Ke2 Nc5 0-1

[Event "SG Werl-Wickede 1 - SV Horst Emscher 2"]
[Site "?"]
[Date "2022.03.05"]
[Round "4"]
[White "Renn, Thorsten"]
[Black "Stolle, Dietmar"]
[Result "1/2-1/2"]
[WhiteElo "1883"]
[BlackElo "2027"]
[PlyCount "62"]
[EventDate "2019.??.??"]

1. e4 c5 2. Nf3 d6 3. d4 cxd4 4. Nxd4 Nf6 5. Nc3 g6 6. Be3 Bg7 7. f3 O-O 8. Qd2
Nc6 9. O-O-O d5 10. exd5 Nxd5 11. Nxc6 bxc6 12. Bd4 e5 13. Bc5 Be6 14. Ne4 Qc7
15. Bxf8 Bxf8 16. c4 Nb6 17. Nd6 a5 18. h4 h6 19. c5 Nd7 20. Qc2 a4 21. Bd3
Bxa2 22. Bxg6 fxg6 23. Qxg6+ Bg7 24. Ne8 Rxe8 25. Qxe8+ Nf8 26. Rd6 Bd5 27. Qa8
Bb3 28. Qxc6 Qf7 29. Qe4 Qa7 30. Qb4 Ne6 31. Rb6 Bf8 1/2-1/2

[Event "SG Werl-Wickede 1 - SV Horst Emscher 2"]
[Site "?"]
[Date "2022.03.05"]
[Round "4"]
[White "Verfuerth, Christian"]
[Black "Lampe, Thomas"]
[Result "1/2-1/2"]
[WhiteElo "1824"]
[BlackElo "1890"]
[PlyCount "38"]
[EventDate "2019.??.??"]

1. d4 Nf6 2. Nf3 g6 3. Nc3 d5 4. Bf4 Bg7 5. e3 O-O 6. Be2 Bg4 7. Ne5 Bxe2 8.
Qxe2 c6 9. O-O-O Nh5 10. h4 f6 11. Nd3 f5 12. f3 Nd7 13. g4 fxg4 14. fxg4 Nhf6
15. h5 Ne4 16. Nxe4 dxe4 17. Nf2 Nf6 18. hxg6 hxg6 19. g5 Nh5 1/2-1/2

[Event "SG Werl-Wickede 1 - SV Horst Emscher 2"]
[Site "?"]
[Date "2022.03.05"]
[Round "4"]
[White "Hering, Christian"]
[Black "Konietzka, Bernd"]
[Result "0-1"]
[WhiteElo "1627"]
[BlackElo "1890"]
[PlyCount "46"]
[EventDate "2019.??.??"]

1. d4 Nf6 2. Nf3 e6 3. Bg5 Be7 4. e3 c5 5. Bd3 cxd4 6. exd4 Nc6 7. O-O Qb6 8.
Nbd2 Nxd4 9. Nc4 Nxf3+ 10. Qxf3 Qc5 11. Be3 Qc7 12. Bf4 d6 13. Rfe1 e5 14. Nxe5
dxe5 15. Rxe5 O-O 16. Rg5 Qc6 17. Qg3 g6 18. Re1 Be6 19. h4 Nd5 20. Rge5 Nxf4
21. Qxf4 Bd6 22. h5 Bxe5 23. Qxe5 Qd5 0-1

[Event "SG Werl-Wickede 1 - SV Horst Emscher 2"]
[Site "?"]
[Date "2022.03.05"]
[Round "4"]
[White "Stute, Benedikt"]
[Black "Krakau, Uwe"]
[Result "1/2-1/2"]
[WhiteElo "1363"]
[BlackElo "1738"]
[PlyCount "130"]
[EventDate "2019.??.??"]

1. e4 e5 2. Nf3 Nc6 3. Bb5 d6 4. O-O Bd7 5. c3 Nf6 6. Re1 Be7 7. h3 a6 8. Ba4
O-O 9. d4 b5 10. Bb3 exd4 11. cxd4 Na5 12. Bc2 c5 13. Nbd2 Qc7 14. Nf1 Bc6 15.
Ng3 Rfe8 16. Bf4 Qa7 17. Nf5 Rad8 18. d5 Ba8 19. a4 b4 20. Rc1 Nh5 21. Nxe7+
Qxe7 22. Bh2 Nc4 23. b3 Nb6 24. Qd3 Qb7 25. e5 g6 26. exd6 Nxd5 27. Rxe8+ Rxe8
28. Qc4 Qc6 29. Be4 Nhf6 30. Bxd5 Nxd5 31. Qxc5 Nc3 32. Qxc6 Bxc6 33. Kf1 f6
34. Nd4 Bd7 35. f3 Kf7 36. Re1 f5 37. Rxe8 Bxe8 38. Ke1 Nd5 39. Kd2 Kf6 40. f4
Nc3 41. Kd3 a5 42. Kc4 Ne4 43. Kd5 h5 44. Nc6 Nc3+ 45. Kc5 Ne4+ 46. Kb6 Ke6 47.
Nxa5 Nxd6 48. Kc5 Bf7 49. Kxb4 Kd5 50. Nc4 Nb7 51. a5 Nc5 52. Nd2 Kc6 53. Nc4
Na6+ 54. Kc3 Bd5 55. g3 Nc5 56. Ne5+ Kb5 57. b4 Na6 58. Nd3 Bg2 59. h4 Bf1 60.
Ne5 Nxb4 61. Nxg6 Kxa5 62. Ne7 Bh3 63. Bg1 Kb5 64. Kd4 Nc6+ 65. Nxc6 Kxc6
1/2-1/2

[Event "SC Doppelbauer Brambauer 1 - SC Rochade"]
[Site "Verbandsklasse - Gruppe 2 202"]
[Date "2022.01.16"]
[Round "4.1"]
[White "Michalek, Christoph"]
[Black "Remmler, Volker"]
[Result "1/2-1/2"]
[WhiteElo "2141"]
[BlackElo "2008"]
[Annotator "daniel"]
[PlyCount "125"]
[EventDate "2022.??.??"]
[WhiteTeam "SC Rochade Rüttenscheid 1"]
[BlackTeam "SC Doppelbauer Brambauer 1"]

1. c4 g6 2. d4 Bg7 3. e4 d6 4. h3 e5 5. d5 Nh6 6. Nc3 O-O 7. Nf3 f6 8. Bd3 Nf7
9. Qc2 Na6 10. a3 Nc5 11. b4 Nxd3+ 12. Qxd3 a5 13. Rb1 axb4 14. axb4 f5 15. Nd2
Bd7 16. Nb3 Ng5 17. f3 fxe4 18. fxe4 b6 19. Rf1 Rxf1+ 20. Qxf1 Nf7 21. Be3 Bh6
22. Qf2 Bxe3 23. Qxe3 Ra3 $11 24. Kd2 Ba4 25. Nc1 Bd7 26. Kc2 Qh4 27. Kb2 Ra8
28. Nd3 Qg5 29. Qf2 Kg7 30. Rf1 Qe7 31. Qe3 h6 32. Nc1 Qg5 33. Qf2 Qe7 34. Nb3
Ng5 35. Qe3 Nf7 36. Ra1 Rxa1 37. Kxa1 Qf6 38. Nd2 Qg5 39. Qxg5 Nxg5 40. c5 bxc5
41. bxc5 dxc5 42. Nb3 Kf6 43. Nxc5 Ke7 44. Kb2 c6 45. Kb3 cxd5 46. exd5 Nf7 47.
Kb4 h5 48. N5e4 h4 49. Kc5 g5 50. Nd1 g4 51. hxg4 Bxg4 52. Ne3 Bc8 53. Nf2 Ng5
54. Kc6 h3 55. d6+ Kd8 56. gxh3 Bxh3 57. Nxh3 Nxh3 58. Ng4 e4 59. Ne5 Ng5 60.
d7 e3 61. Kd6 Ne4+ 62. Kc6 Ng5 63. Kd6 1/2-1/2

[Event "SC Doppelbauer Brambauer 1 - SC Rochade"]
[Site "Verbandsklasse - Gruppe 2 202"]
[Date "2022.01.16"]
[Round "4.2"]
[White "Koth, Stefan"]
[Black "Dorgarten, Armin"]
[Result "1/2-1/2"]
[WhiteElo "2062"]
[BlackElo "1947"]
[PlyCount "77"]
[EventDate "2022.??.??"]
[WhiteTeam "SC Doppelbauer Brambauer 1"]
[BlackTeam "SC Rochade Rüttenscheid 1"]

1. c4 e5 2. Nc3 Nc6 3. e3 g6 4. d4 Bg7 5. d5 Nb8 6. e4 d6 7. Bd3 Ne7 8. Be3 O-O
9. Qd2 Na6 10. Nge2 f5 11. f3 Nc5 12. Bc2 a5 13. h4 b6 14. Nb5 f4 15. Bf2 h6
16. O-O-O Bd7 17. Nec3 Na6 18. Rdg1 Kh7 19. g3 Rf7 20. gxf4 exf4 21. h5 g5 22.
e5+ Bf5 23. e6 Rf8 24. Nd4 Bxc2 25. Qxc2+ Kh8 26. a3 Qe8 27. Ne4 Nc5 28. Nb5
Qd8 29. Bd4 Nf5 30. Bxg7+ Kxg7 31. Kb1 Qe7 32. Rh2 Nxe4 33. Qxe4 Kh8 34. Nd4
Nxd4 35. Qxd4+ Rf6 36. Re2 Re8 37. Re4 Ref8 38. Rg4 Kh7 39. Qd3 1/2-1/2

[Event "SC Doppelbauer Brambauer 1 - SC Rochade"]
[Site "Verbandsklasse - Gruppe 2 202"]
[Date "2022.01.16"]
[Round "4.3"]
[White "Scharenberg, Rainer"]
[Black "Czeratzki, Michael"]
[Result "1-0"]
[WhiteElo "2052"]
[BlackElo "1928"]
[PlyCount "99"]
[EventDate "2022.??.??"]
[WhiteTeam "SC Rochade Rüttenscheid 1"]
[BlackTeam "SC Doppelbauer Brambauer 1"]

1. Nf3 e6 2. g3 f5 3. Bg2 Nf6 4. c4 Be7 5. O-O O-O 6. Nc3 c6 7. d3 d6 8. e4 e5
9. Ne1 Qb6 10. Nc2 fxe4 11. dxe4 Be6 12. Ne3 Qc7 13. Qe2 Na6 14. Rd1 Rad8 15.
a3 Qc8 16. b4 Nc7 17. Bb2 Ng4 18. Nxg4 Bxg4 19. f3 Bh5 20. Bc1 Ne6 21. Be3 Nd4
22. Bxd4 exd4 23. Na4 c5 24. Nb2 Bg5 25. Rf1 Bf6 26. Rac1 Rde8 27. Qd2 b6 28.
Nd3 Bf7 29. b5 Be6 30. a4 Bh3 31. Rc2 Be6 32. f4 Bh3 33. Nf2 Bxg2 34. Kxg2 Qb7
35. Qd3 a6 36. Ra1 Rf7 37. Kg1 Ra8 38. Ra3 Qc8 39. Rca2 Rfa7 40. Qb3 Qe6 41. a5
axb5 42. axb6 Rxa3 43. Rxa3 Rb8 44. Qxb5 Bd8 45. b7 Qe7 46. Ra8 Bc7 47. Qc6 Qd8
48. Nd3 Kf7 49. f5 Qe7 50. Nf4 1-0

[Event "SC Doppelbauer Brambauer 1 - SC Rochade"]
[Site "Verbandsklasse - Gruppe 2 202"]
[Date "2022.01.16"]
[Round "4.4"]
[White "Zimmermann, Dirk"]
[Black "Koprek, Juergen"]
[Result "1-0"]
[WhiteElo "1861"]
[BlackElo "1882"]
[PlyCount "77"]
[EventDate "2022.??.??"]
[WhiteTeam "SC Doppelbauer Brambauer 1"]
[BlackTeam "SC Rochade Rüttenscheid 1"]

1. e4 e6 2. d4 d5 3. e5 c5 4. c3 Nc6 5. Nf3 Qb6 6. a3 a5 7. g3 Bd7 8. Bh3 cxd4
9. cxd4 Qa6 10. Be3 Nge7 11. Nc3 Nc8 12. Bf1 Qb6 13. Na4 Qd8 14. Rc1 N6a7 15.
Bd3 b5 16. Nc5 Bc6 17. O-O Be7 18. h4 h6 19. Nh2 Nb6 20. Qg4 g5 21. hxg5 hxg5
22. b3 a4 23. bxa4 bxa4 24. Nf3 Nc4 25. Kg2 Bxc5 26. dxc5 Nxe3+ 27. fxe3 Rg8
28. Nd4 Qe7 29. Rf6 O-O-O 30. Ba6+ Bb7 31. Qe2 Qc7 32. Rb1 Qxe5 33. Bxb7+ Kd7
34. Rxf7+ Ke8 35. Rbf1 g4 36. Bc6+ Nxc6 37. Nxc6 Qe4+ 38. Kg1 Rd7 39. Qf2 1-0

[Event "SC Doppelbauer Brambauer 1 - SC Rochade"]
[Site "Verbandsklasse - Gruppe 2 202"]
[Date "2022.01.16"]
[Round "4.5"]
[White "Storp, Thomas"]
[Black "Jochmann, Christian"]
[Result "1/2-1/2"]
[WhiteElo "1831"]
[BlackElo "1875"]
[PlyCount "69"]
[EventDate "2022.??.??"]
[WhiteTeam "SC Rochade Rüttenscheid 1"]
[BlackTeam "SC Doppelbauer Brambauer 1"]

1. c4 Nf6 2. d4 e6 3. Nc3 d5 4. e3 Be7 5. Nf3 O-O 6. Bd3 b6 7. O-O Bb7 8. Qc2
h6 9. Ne5 Nbd7 10. f4 c5 11. cxd5 Nxd5 12. Nxd5 exd5 13. Bd2 Nf6 14. Bc3 Ne4
15. Rad1 Qc7 16. Bxe4 dxe4 17. Qb3 Rad8 18. dxc5 Bxc5 19. Bb4 Bxb4 20. Qxb4
Rxd1 21. Rxd1 Rd8 22. Qb3 Rxd1+ 23. Qxd1 Qc5 24. Qd2 Qd5 25. Qxd5 Bxd5 26. b3
f6 27. Nc4 Bxc4 28. bxc4 Kf7 29. Kf2 Ke6 30. Ke2 Kd6 31. Kd2 Kc5 32. Kc3 f5 33.
g3 g6 34. h3 h5 35. h4 1/2-1/2

[Event "SC Doppelbauer Brambauer 1 - SC Rochade"]
[Site "Verbandsklasse - Gruppe 2 202"]
[Date "2022.01.16"]
[Round "4.6"]
[White "Deckert, Frank"]
[Black "Bruckmann, Jochen"]
[Result "1/2-1/2"]
[WhiteElo "1835"]
[BlackElo "1786"]
[PlyCount "64"]
[EventDate "2022.??.??"]
[WhiteTeam "SC Doppelbauer Brambauer 1"]
[BlackTeam "SC Rochade Rüttenscheid 1"]

1. c4 e5 2. Nc3 f5 3. g3 Nf6 4. Bg2 Be7 5. d3 O-O 6. e3 c6 7. Nge2 d6 8. O-O
Be6 9. b3 Nbd7 10. d4 e4 11. d5 Bf7 12. dxc6 bxc6 13. Nd4 Qa5 14. Nxc6 Qxc3 15.
Bd2 Qb2 16. Nxe7+ Kh8 17. Nxf5 Qe5 18. Nd4 Nc5 19. Bc3 Qg5 20. Nb5 Ne8 21. Nxd6
Bh5 22. Qd4 Bf3 23. h4 Qg4 24. Nxe8 Ne6 25. Bxf3 Rxf3 26. Qe5 Rxe8 27. Rad1
Ref8 28. Rd6 R8f5 29. Rxe6 Rxe5 30. Rxe5 Rxg3+ 31. fxg3 Qxg3+ 32. Kh1 Qh3+
1/2-1/2

[Event "SC Doppelbauer Brambauer 1 - SC Rochade"]
[Site "Verbandsklasse - Gruppe 2 202"]
[Date "2022.01.16"]
[Round "4.7"]
[White "Busacker, Holger"]
[Black "Wagner, Norbert"]
[Result "0-1"]
[WhiteElo "1795"]
[BlackElo "2008"]
[PlyCount "74"]
[EventDate "2022.??.??"]
[WhiteTeam "SC Rochade Rüttenscheid 1"]
[BlackTeam "SC Doppelbauer Brambauer 1"]

1. e4 d5 2. exd5 Qxd5 3. Nc3 Qd6 4. d4 Nf6 5. Nf3 a6 6. Be2 Bf5 7. O-O e6 8.
Ne5 h6 9. Bf3 c6 10. Bf4 Qd8 11. Re1 Be7 12. Qd2 Nbd7 13. Rad1 Nxe5 14. dxe5
Qxd2 15. Rxd2 Nd5 16. Nxd5 exd5 17. h3 O-O-O 18. c3 h5 19. Be3 g5 20. Bb6 Rdg8
21. g4 hxg4 22. Bxg4 Bxg4 23. hxg4 Rh4 24. f3 Rgh8 25. Ree2 Rh1+ 26. Kf2 R8h2+
27. Ke3 Rxe2+ 28. Rxe2 Kd7 29. b4 Ke6 30. Bd4 Bf8 31. Kd2 Rh3 32. Ke3 Bg7 33.
a4 Bxe5 34. b5 axb5 35. axb5 Rh2 36. Re1 f6 37. Ra1 Bf4+ 0-1

[Event "SC Doppelbauer Brambauer 1 - SC Rochade"]
[Site "Verbandsklasse - Gruppe 2 202"]
[Date "2022.01.16"]
[Round "4.8"]
[White "Wirthmann, Stefan"]
[Black "Foerster, Alexander"]
[Result "1-0"]
[WhiteElo "1719"]
[BlackElo "1740"]
[PlyCount "71"]
[EventDate "2022.??.??"]
[WhiteTeam "SC Doppelbauer Brambauer 1"]
[BlackTeam "SC Rochade Rüttenscheid 1"]

1. e4 g6 2. Bc4 d6 3. h4 Bg7 4. d4 e6 5. Nc3 Nd7 6. Bg5 Ne7 7. Qd2 h6 8. Be3 a6
9. Nf3 b5 10. Bd3 Bb7 11. Ne2 c5 12. c3 Qc7 13. Ng3 Nf6 14. h5 Ng4 15. hxg6
fxg6 16. dxc5 Nxe3 17. cxd6 Nc4 18. dxc7 Nxd2 19. Kxd2 Kd7 20. Nd4 e5 21. Nb3
Kxc7 22. Nc5 Bc8 23. a4 Kb6 24. b4 bxa4 25. Rxa4 Nc6 26. Rha1 a5 27. Nb3 Be6
28. bxa5+ Kc7 29. Nc5 Bf7 30. Kc2 Kd6 31. Nb7+ Kc7 32. a6 Ra7 33. Bc4 Bxc4 34.
Rxc4 Kd7 35. Rd1+ Kc7 36. Nc5 1-0